LDR 01099naa#a2200217#i#450# 001 RU\\bibl\19254 005 20260418205816.6 100 ## _a20260417b2026####ek#y0rusy0150####ca 102 ## _aRU 200 1# _aО БЕЗОПАСНОСТИ ДВИЖЕНИЯ В ЗИМНИЙ ПЕРИОД _eСтатья/тезисы конференции 210 1# _aВоронеж _cВоронежский государственный лесотехнический университет имени Г.Ф. Морозова _d2026 215 ## _a5 с. 608 ## _aСтатья/тезисы конференции _2local 675 ## _aПрочие вопросы организации и эксплуатации транспорта. 656.09 _z 700 #1 _aСтруков _gЮрий Вячеславович 700 #1 _aЗеликов _gВладимир Анатольевич 700 #1 _aДенисов _gГеннадий Александрович 700 #1 _aКазачек _gМария Николаевна 700 #1 _aСтрукова _gИрина Юрьевна 700 #1 _aКлявин _gВ. Э. 856 4# _abibl.vgltu.ru _u